La utopía insurreccional del liberalismo: Torrijos y las conspiraciones liberales de la década ominosa
Uloženo v:
| Hlavní autor: | |
|---|---|
| Médium: | Kniha |
| Jazyk: | španělština |
| Vydáno: |
Barcelona
Crítica
1989
|
| Edice: | Crítica - Historia del Mundo Moderno
|
| Témata: | |
| Tagy: |
Přidat tag
Žádné tagy, Buďte první, kdo vytvoří štítek k tomuto záznamu!
|
MARC
| LEADER | 00000nam a2200000 a 4500 | ||
|---|---|---|---|
| 001 | UCM0445 | ||
| 003 | CL-VaPUC | ||
| 008 | 020301e19890000SP |||||||||||||||||spa|d | ||
| 082 | 0 | 4 | |a 320.51 |b CAS |2 21 |
| 100 | 0 | |a Castells Oliván, Irene |e author |9 467229 | |
| 245 | 1 | 3 | |a La utopía insurreccional del liberalismo: Torrijos y las conspiraciones liberales de la década ominosa |
| 300 | |a 312 p | ||
| 942 | |c BK | ||
| 945 | |d 20020301 00:00:00 |a cmena | ||
| 260 | |a Barcelona |b Crítica |c 1989 | ||
| 650 | 0 | |a Liberalismo |9 255715 | |
| 650 | 0 | |a Ideologías políticas |9 255735 | |
| 650 | 7 | |a REVOLUCION ESPAÑOLA |2 CL-VaPUC |9 367658 | |
| 650 | 7 | |a HISTORIA EUROPEA MODERNA |2 CL-VaPUC |9 467230 | |
| 583 | |a last modification |c 20020301 00:00:00 |k Rodrigo Vera | ||
| 490 | 0 | |a Crítica - Historia del Mundo Moderno | |
| 999 | |c 299351 |d 299349 | ||
| 952 | |0 0 |1 0 |4 0 |6 320_510000000000000_CAS_1989 |7 0 |8 A |9 355836 |a BIBHIS |b BIBHIS |d 2019-11-21 |i 3793664 |o 320.51 CAS 1989 |p 3793664 |r 2025-01-20 |w 2019-11-21 |y BK |k HIS | ||